Statistics for Place these U.S. State Shapes on the Map

Click here to take the quiz!

General Stats

  • This quiz has been taken 1,299 times
  • The average score is 3 of 8

Answers on the Map

Answers color-coded by a green-red scale on the quiz's map according to % correct below.
 

Answer Stats

Answer% Correct
54%
51%
49%
41%
37%
37%
34%
34%

Score Distribution

Percentile by Number Answered

Percent of People with Each Score

Your Score History

You have not taken this quiz